Vybrané problémy vedeckotechnického pokroku v obchode kandidátska dizertačná práca

Salvato in:
Dettagli Bibliografici
Autore principale: Lupová, Eva
Ente Autore: Vysoká škola ekonomická v Bratislave
Altri autori: Rendoš, Ladislav
Natura: Libro
Lingua:slovacco
Pubblicazione: Bratislava 1981
Soggetti:
Tags: Aggiungi Tag
Nessun Tag, puoi essere il primo ad aggiungerne!!

MARC

LEADER 00000nam a2200000 4500
001 c002719
005 20221220102937.3
041 0 |a slo 
044 |a SK 
245 1 0 |a Vybrané problémy vedeckotechnického pokroku v obchode  |b kandidátska dizertačná práca  |c Eva Lupová ; Škol. Ladislav Rendoš 
264 1 |a Bratislava  |c 1981 
300 |a 236 s. 
610 2 0 |a pokrok vedeckotechnický 
610 2 0 |a revolúcia vedeckotechnická 
610 2 0 |a obchod vnútorný 
610 2 0 |a spolupráca vedeckotechnická 
610 2 0 |a prostriedky pracovné 
610 2 0 |a veľkoobchod 
610 2 0 |a maloobchod 
610 2 0 |a stravovanie spoločné 
610 2 0 |a tovar spotrebný 
610 2 0 |a spotrebitelia 
610 2 0 |a podmienky pracovné 
100 1 |a Lupová, Eva 
700 1 |a Rendoš, Ladislav 
710 2 |a Vysoká škola ekonomická v Bratislave